000
00274nam a2200109 a 4500
005
20140310183329.0
008
060901s19uu xx 00 eng d
100
_a
Clancy, Tom
245
_a
Tom Clancy's Op-Center:
_b
games of state.
700
_a
Pieczenik, Steve
942
_c
BK
999
_c
21520
_d
21520